Statistiques concernant Football - Tous les adversaires de la Thaïlande

Cliquez ici pour prendre le quiz!

Statistiques générales

  • Ce quiz a été pris 29 fois
  • Le résultat moyen est 40 sur 80

Statistiques - réponses

Nombre de matchsVictoireMatch nulDéfaiteEquipe% Correct
272619Japon
100%
224315Chine
96%
221057Inde
89%
315521Corée du Sud
85%
281693Viêt Nam
85%
9117Australie
81%
161114Arabie saoudite
78%
65311519Indonésie
78%
121011Laos
78%
204511Corée du Nord
74%
97293137Malaisie
74%
4400Népal
74%
5221Nouvelle-Zélande
74%
5401Pakistan
74%
16952Cambodge
70%
12516Oman
70%
11605Ouzbekistan
70%
1100Afghanistan
67%
13238Émirats arabes unis
67%
172510Irak
67%
150411Iran
67%
231922Philippines
67%
14446Qatar
67%
60341511SIngapour
67%
3111Tadjikistan
67%
2110Turkmenistan
67%
6240Yémen
67%
51221415Birmanie
63%
1001Israël
63%
4220Kazakhstan
63%
7700Sri Lanka
63%
6321Syrie
63%
13832Bangladesh
59%
1100Bhoutan
59%
1001États-Unis
59%
7322Liban
59%
10343Bahreïn
56%
1001Canada
56%
1100Kirghizistan
56%
12417Koweït
56%
2020Égypte
52%
7151Jordanie
52%
1001Afrique du Sud
48%
1001Allemagne
48%
8710Brunei
48%
2002Norvège
44%
1001Papouasie-Nouvelle-Guinée
44%
3003Suède
44%
1001Bulgarie
41%
1001Danemark
41%
5311Finlande
41%
1001Maroc
41%
1010Biélorussie
37%
3300Timor oriental
37%
2110Estonie
33%
4400Maldives
33%
2200Kenya
30%
1010Libye
30%
2110Palestine
30%
1010Congo
26%
2710611Hong Kong
26%
1010Lettonie
26%
1001Pologne
26%
2101Roumanie
26%
2011Slovaquie
26%
1001Uruguay
26%
1010Gabon
22%
1001Luxembourg
22%
1001Malte
22%
1001Pays-Bas
22%
1100Suriname
22%
2002Ghana
19%
1100Liechtenstein
19%
1010Nigéria
19%
1010Irlande du Nord
15%
2200Macao
15%
1001Libéria
7%
3300Trinité-et-Tobago
7%
12426Taipei chinois
4%
174310Sud-Vietnam
0%

Distribution des résultats

Percentile par nombre de réponses

% des personnes avec chaque résultat

Votre développement - résultats

Vous n’avez pas pris ce quiz